000 00866nam a22002777a 4500
001 8281
003 FISKH
005 20250909124606.0
008 250908b cb ||||| |||| 00| 0 eng d
020 _a9781878405067
040 _aFISKH
_beng
_cFISKH
_dFISKH
050 _aPZ10.T1398 S
100 _aTate, Suzanne
245 _aSalty seagull :
_bA tale of an old salt /
_cBy Suzanne Tate : Illustrated by James Melvin
260 _aNorth Carolina :
_bNags Head Art, Inc. ,
_c1992.
300 _a28 unnumbered pages :
_bcolor illustrations ;
_c19 x 24 cm.
490 _aSuzanne Tate's Nature Series
_v12
505 _aJ
521 8 _a480
_bLexile
521 8 _aJ
_bRaz-Plus
650 _aConservation
_vPicture Books
650 _aSeagulls
_vPicture Books
700 _aMelvin, James
_eIllustrated
942 _2ddc
_cBK
_n0
999 _c8281
_d8281